MARC details
| 000 -LEADER |
| fixed length control field |
01539nam a22002177a 4500 |
| 003 - CONTROL NUMBER IDENTIFIER |
| control field |
BDDh-ASL |
| 005 - DATE AND TIME OF LATEST TRANSACTION |
| control field |
20231015031139.0 |
| 008 - FIXED-LENGTH DATA ELEMENTS--GENERAL INFORMATION |
| fixed length control field |
201028s2008 b ||||| |||| 00| 0 b d |
| 040 ## - CATALOGING SOURCE |
| Original cataloging agency |
BDDh-ASL |
| Transcribing agency |
BDDh-ASL |
| 041 ## - LANGUAGE CODE |
| Language code of text/sound track or separate title |
ben |
| 082 ## - DEWEY DECIMAL CLASSIFICATION NUMBER |
| Classification number |
370 |
| Item number |
MAB |
| 100 1# - MAIN ENTRY--PERSONAL NAME |
| Personal name |
আল-মাসুম, মো. আব্দুল্লাহ |
| Titles and words associated with a name |
ড. |
| 9 (RLIN) |
7268 |
| 245 10 - TITLE STATEMENT |
| Title |
ব্রিটিশ আমলে বাংলার মুসলিম শিক্ষা: |
| Remainder of title |
সমস্যা ও প্রসার (১৮৭১-১৯৪১) / |
| 246 ## - VARYING FORM OF TITLE |
| Title proper/short title |
British Amale Banglar Muslim Shiksha: Samasya O Prasar. |
| 260 ## - PUBLICATION, DISTRIBUTION, ETC. |
| Place of publication, distribution, etc. |
ঢাকা: |
| Name of publisher, distributor, etc. |
বাংলা একাডেমী, |
| Date of publication, distribution, etc. |
২০০৮। |
| 300 ## - PHYSICAL DESCRIPTION |
| Extent |
৭৭৬ পৃষ্ঠা: |
| Dimensions |
২২ সে.মি. |
| Other physical details |
ম্যাপ; |
| 504 ## - BIBLIOGRAPHY, ETC. NOTE |
| Bibliography, etc. note |
গ্রন্থপঞ্জি সংযুক্ত । |
| 650 #0 - SUBJECT ADDED ENTRY--TOPICAL TERM |
| Topical term or geographic name entry element |
শিক্ষা, Education, Education system, শিক্ষা ব্যবস্থা, Śikṣā byabasthā, Higher Education, উচ্চ শিক্ষা, Ucca śikṣā, উন্নত শিক্ষা, Unnata śikṣā, Advanced education, প্রাথমিক শিক্ষা, Prāthamika śikṣā, Primary education, উচ্চ মাধ্যমিক শিক্ষা, Ucca mādhyamika śikṣā, Higher secondary education, মাধ্যমিক শিক্ষা, Mādhyamika śikṣā, Secondary Education |
| General subdivision |
Muslim Education (মুসলিম শিক্ষা) |
| 9 (RLIN) |
5904 |
| 650 #0 - SUBJECT ADDED ENTRY--TOPICAL TERM |
| Topical term or geographic name entry element |
History (ইতিহাস) |
| 9 (RLIN) |
4586 |
| 942 ## - ADDED ENTRY ELEMENTS (KOHA) |
| Source of classification or shelving scheme |
Dewey Decimal Classification |
| Koha item type |
Books |